Gerónimo de Uztáriz, 1670-1732 : (Registro nro. 232581)
[ vista simple ]
| 000 -LEADER | |
|---|---|
| fixed length control field | 01285nam a2200373Ii 4500 |
| 001 - CONTROL NUMBER | |
| control field | DIGMINER0039 |
| 003 - CONTROL NUMBER IDENTIFIER | |
| control field | NyNyDIG |
| 006 - FIXED-LENGTH DATA ELEMENTS--ADDITIONAL MATERIAL CHARACTERISTICS | |
| fixed length control field | m o d |
| 007 - PHYSICAL DESCRIPTION FIXED FIELD--GENERAL INFORMATION | |
| fixed length control field | cr ||||||||||| |
| 008 - FIXED-LENGTH DATA ELEMENTS--GENERAL INFORMATION | |
| fixed length control field | 140501s1999 sp ob 001 0 spa d |
| 020 ## - INTERNATIONAL STANDARD BOOK NUMBER | |
| Canceled/invalid ISBN | 9788488123190 |
| 020 ## - INTERNATIONAL STANDARD BOOK NUMBER | |
| Canceled/invalid ISBN | 8488123191 |
| 035 ## - SYSTEM CONTROL NUMBER | |
| System control number | (OCoLC)888248923 |
| 040 ## - CATALOGING SOURCE | |
| Original cataloging agency | DGITA |
| Language of cataloging | eng |
| Description conventions | pn |
| Transcribing agency | DGITA |
| 043 ## - GEOGRAPHIC AREA CODE | |
| Geographic area code | e-sp--- |
| 050 14 - LIBRARY OF CONGRESS CALL NUMBER | |
| Classification number | HB117.U9 eBook |
| 100 1# - MAIN ENTRY--PERSONAL NAME | |
| Personal name | Fernández Durán, Reyes. |
| 245 10 - TITLE STATEMENT | |
| Title | Gerónimo de Uztáriz, 1670-1732 : |
| Remainder of title | una política económica para Felipe V / |
| Statement of responsibility, etc. | Reyes Fernández Durán. |
| 264 #1 - PRODUCTION, PUBLICATION, DISTRIBUTION, MANUFACTURE, AND COPYRIGHT NOTICE | |
| Place of production, publication, distribution, manufacture | Madrid : |
| Name of producer, publisher, distributor, manufacturer | Minerva Ediciones, |
| Date of production, publication, distribution, manufacture, or copyright notice | 1999. |
| 300 ## - PHYSICAL DESCRIPTION | |
| Extent | 1 online resource (441 pages) : |
| Other physical details | ill. |
| 336 ## - CONTENT TYPE | |
| Content type term | text |
| Content type code | txt |
| Source | rdacontent |
| 337 ## - MEDIA TYPE | |
| Media type term | computer |
| Media type code | c |
| Source | rdamedia |
| 338 ## - CARRIER TYPE | |
| Carrier type term | online resource |
| Carrier type code | cr |
| Source | rdacarrier |
| 504 ## - BIBLIOGRAPHY, ETC. NOTE | |
| Bibliography, etc. note | Includes bibliographical references and index. |
| 600 10 - SUBJECT ADDED ENTRY--PERSONAL NAME | |
| Personal name | Uztáriz, Gerónimo de, |
| Dates associated with a name | 1670-1732. |
| 650 #0 - SUBJECT ADDED ENTRY--TOPICAL TERM | |
| Topical term or geographic name entry element | Economists |
| Geographic subdivision | Spain |
| Form subdivision | Biography. |
| 651 #0 - SUBJECT ADDED ENTRY--GEOGRAPHIC NAME | |
| Geographic name | Spain |
| General subdivision | Commercial policy. |
| 655 #0 - INDEX TERM--GENRE/FORM | |
| Genre/form data or focus term | Electronic books. |
| 791 2# - | |
| -- | Digitalia (Firm), |
| -- | distributor. |
| 793 0# - | |
| -- | Digitalia eBook Collection: |
| -- | Minerva Ediciones. |
| 856 40 - ELECTRONIC LOCATION AND ACCESS | |
| Materials specified | Digitalia Hispánica |
| Uniform Resource Identifier | <a href="https://www.digitaliapublishing.com/a/12664/">https://www.digitaliapublishing.com/a/12664/</a> |
| 910 ## - USER-OPTION DATA (OCLC) | |
| User-option data | Premium Collection: 2007-2012 |
| 942 ## - ADDED ENTRY ELEMENTS (KOHA) | |
| Koha item type | Recurso Electrónico |
| Withdrawn status | Lost status | Damaged status | Not for loan | Collection | Home library | Current library | Date acquired | Total checkouts | Date last seen | Price effective from | Koha item type |
|---|---|---|---|---|---|---|---|---|---|---|---|
| Digitalia Ebooks Hispanica | Biblioteca Digital UIN | Biblioteca Digital UIN | 04/25/2025 | 04/25/2025 | 04/25/2025 | Recurso Electrónico |